000 00499nam a2200193 a 4500
001 13443
003 CO-ViMGA
008 141112s2004 ck r 000 u spa d
020 _a8477223629
040 _aCO-ViMGA
_bspa
_cCO-ViMGA
082 0 4 _aCOMo
100 1 _aCompany, Merce; Aranega, Merce
_919602
245 1 0 _aOvejas de colores
260 _aBaarcelona :
_bCeac,
_c1989
300 _a24 : ils
490 _aLa granja de los artistas
650 1 4 _aCUENTOS INFANTILES
_92743
942 _2ddc
_cBK
999 _c24172
_d24172